Definitions - NBA Teams - Statistics

General Stats
  • This quiz has been taken 21 times
  • The average score is 26 of 30
Answer Stats
Hint Answer % Correct
The signing of the Declaration of Independence in 1776 76ers
95%
An animal of a large race of the brown bear native to North America Grizzlies
95%
The male ruler of an independent state Kings
95%
Shortened version of Knickerbockers Knicks
95%
The power of apparently influencing events by using mysterious or supernatural forces Magic
95%
A species of grey wolves Timberwolves
95%
Relating to the Celts or their languages, which constitute a branch of the Indo-European family and include Irish Celtics
89%
the quality of being hot, high temperature Heat
89%
A large wasp that is usually in nests in hollow trees Hornets
89%
A type of music of African-American origin which emerged at the beginning of the 20th century Jazz
89%
Originating from Minneapolis for having many bodies of water Lakers
89%
A small lump of gold or other precious metal found ready-formed in the earth Nuggets
89%
The state's history with the pace cars and with the harness racing industry Pacers
89%
A disc or short cylinder fitting closely within a tube in which it moves up and down against a liquid or gas, used in an internal combustion engine to derive motion Pistons
89%
A dromaeosaurid dinosaur, especially a velociraptor or utahraptor Raptors
89%
A device with a small spike or a spiked wheel that is worn on a rider's heel and used for urging a horse forward Spurs
89%
The star round which the Earth orbits Suns
89%
A loud rumbling or crashing noise heard after a lightning flash due to the expansion of rapidly heated air Thunder
89%
A man who has magical powers Wizards
89%
An uncastrated male bovine animal Bulls
84%
A fast sailing ship, especially one of 19th-century design with concave bows and raked masts Clippers
84%
A bird of prey with broad rounded wings and a long tail Hawks
84%
A large gregarious waterbird with a long bill, an extensible throat pouch for scooping up fish Pelicans
84%
A cylindrical projectile that can be propelled to a great height or distance by the combustion of its contents, used typically as a firework or signal Rockets
84%
An adult male in some animal species Bucks
79%
A horseman, especially a mounted soldier or knight Cavaliers
79%
A piece of open-meshed material made of twine, Nets
79%
A brave or experienced soldier or fighter Warriors
79%
The first person or people to do something or go somewhere Trail Blazers
74%
An unbranded range animal, especially a motherless calf Mavericks
68%
No matching quizzes found
Score Distribution
Percent of People with Each Score
Percentile by Number Answered
Your Score History
You have not taken this quiz